00600nam a22001817a 4500003000400000008004100004020001800045082002100063100002100084245010500105260005500210300001500265650002000280650001000300650007100310700002000381700001700401OSt260624b |||||||| |||| 00| 0 eng d a9789353870409 a305.420954bB62N aBiswas, Sunanda  aNutritional Level of Farm Women : A Multilayer Analysis/ by Sunanda Biswas, S.K. Acharya, Minati Sen aDelhi : bSatish Serial Publishing House,c2021. aix, 202 p. aSocial Sciences aWomen aSocial position and status of women / Women's rights (Empowerment) aAcharya, S.K.  aSen, Minati